000 00558nam a2200205Ii 4500
003 JO-AjNU
008 230606s9999||||xx |||||||||||||| ||und||
020 _a978-5014-408-4
040 _aJO-AjNU
_beng
_erda
_cJO-AjNU
041 _aeng
050 1 4 _aQA401.2013
100 3 _aArora,hari,
_eauthor
_93803
245 0 0 _aApplied Mathematics-11
264 3 1 _aS.K KATARIA SONS:2008
300 _a232p
336 _atext
_btxt
_2rdacontent
337 _aunmediated
_bn
_2rdamedia
338 _avolume
_bnc
_2rdacarrier
650 4 _aApplied Mathematics-11
_93804
999 _aE1984
_c1984
_d1984